[Event "Vrindavana MMT op"]
[Site "Mathura"]
[Date "2023.04.25"]
[Round "5"]
[White "Harshit, Singh"]
[Black "Sudhanshu, Ranjan"]
[Result "0-1"]
[WhiteElo "1707"]
[BlackElo "1912"]
[PlyCount "118"]
[EventDate "2023.04.23"]
[EventType "swiss"]
[EventRounds "9"]
[EventCountry "IND"]
[SourceTitle "CBM 213 Extra"]
[Source "ChessBase"]
[SourceDate "2023.05.31"]
[SourceVersion "1"]
[SourceVersionDate "2023.05.31"]
[SourceQuality "1"]

1. e4 g6 2. d4 Bg7 3. g3 d6 4. Bg2 c5 5. d5 b5 6. f4 Nd7 7. Nf3 Qb6 8. 0-0 Bb7 9. c3 Ngf6 10. e5 Nxd5 11. Ng5 e6 12. f5 gxf5 13. Qh5 0-0-0 14. Qxf7 Bxe5 15. Nxe6 Rde8 16. Qxf5 Kb8 17. Bg5 Ne7 18. Bxe7 Rxe7 19. Nd2 Bxg2 20. Kxg2 Qc6+ 21. Nf3 Rhe8 22. Neg5 h6 23. Nh3 a5 24. Rae1 b4 25. Qc2 Kc7 26. c4 Rf8 27. b3 Ref7 28. Qe4 a4 29. Qxc6+ Kxc6 30. Nxe5+ Nxe5 31. Rxf7 Rxf7 32. Nf4 Ra7 33. Re2 axb3 34. axb3 Ra3 35. Rb2 Kd7 36. Kf2 Nc6 37. Ne2 Ne5 38. Nf4 Nc6 39. Kf3 Nd4+ 40. Ke4 Kc6 41. Nd3 Nxb3 42. g4 Na5 43. Nxb4+ cxb4 44. Rxb4 Nb7 45. h4 Nc5+ 46. Kf5 Rf3+ 47. Kg6 Rf4 48. g5 hxg5 49. hxg5 Ne6 50. Kh6 Kc5 51. Rb5+ Kxc4 52. Rb8 d5 53. Rc8+ Kd4 54. Rc1 Ke5 55. Re1+ Re4 56. Rd1 d4 57. Kh5 d3 58. g6 Kd4 59. Rh1 Re3 0-1